00655 2200229 4500001002100000008004100021035002000062245008200082100001600164260004500180300003200225020002200257084001400279520002500293520001400318520001100332082000800343650002100351863002900372990001200401990001200413INLIS000000000015266 ind  a0010-1222000345 aAnak Pramuka yang Pantang MenyerahcAnee Rahman; editor ahli, Chaerul Rochman aAnee Rahman aBandung :bAd-Print Mitra Pustaka,c2020 aviii, 56 hal.: ilus.c21 cm a978-602-9224-11-5 a372 ANE a aBibliografi : hal.56 aGlosarium aIndeks a372 aPENDIDIKAN. ANAK aSeri Pendidikan Karakter a10096 a a10096 b